| 000 | 00818cam a22002771 4500 | ||
|---|---|---|---|
| 999 |
_c127709 _d127709 |
||
| 001 | 9483531 | ||
| 003 | ARRUPE | ||
| 005 | 20180320111314.0 | ||
| 008 | 740222s1968 fr b b 000 0 fre | ||
| 010 | _a 74352220 | ||
| 015 | _aF68-9431 | ||
| 035 | _a(OCoLC)812530 | ||
| 040 |
_aDLC _cMBtS _dOCoLC _dDLC |
||
| 042 | _apremarc | ||
| 050 | 0 | 0 |
_aBR129 _b.C36 |
| 100 | 1 |
_aCazelles, Henri. _940773 |
|
| 245 | 1 | 0 |
_aNaissance de l'Eglise, _bsecte juive rejetée. _cHenri Cazelles |
| 260 |
_aParis, _bÉditions du Cerf, _c1968. |
||
| 300 |
_a131 p. _c19 cm. |
||
| 440 | 0 |
_aLire la Bible, _v16 _940774 |
|
| 504 | _aBibliographical footnotes. | ||
| 650 | 0 |
_aChristianity _xOrigin. _911959 |
|
| 650 | 0 |
_aJewish sects. _940775 |
|
| 906 |
_a7 _bcbc _coclcrpl _du _encip _f19 _gy-gencatlg |
||
| 942 |
_2lcc _cMONOGRAPH |
||